000 00922nam a2200289 i 4500
001 169784
003 ES-MaACL
005 20250904205330.0
008 081126s1996 sp |||| | spa d
017 _aM 8.934-1996
020 _a84-206-4653-9
080 _a75 Goya, Francisco de
080 _a929 Goya, Francisco de
100 1 _aBozal, Valeriano,
_d1940-2023
_eaut
_9242225
245 1 0 _aGoya /
_cValeriano Bozal.
260 _aMadrid :
_bAlianza Editorial,
_c1996.
300 _a64 p., VIII p. de lám col. ;
_c15 cm.
490 1 _aAlianza cien ;
_v53
500 _aÍndices.
500 _aEn antep.: Textos completos.
600 1 4 _aGoya, Francisco de,
_d1746-1828
_9240353
700 1 _aGoya, Francisco de,
_d1746-1828
_9240353
830 0 _aAlianza cien ;
_v53
_9188880
852 4 _aES-MaACL
_jE-12308
_9R.190461
_z- Biblioteca Jacinto Martínez Lacalle
942 _2udc
999 _c169784
_d169784